000
00274nam a2200121Ia 4500
100
_a
Holub/Allen I
942
_c
BK
654
_a
Complier Design
245
_a
Compiler Design In C
260
_b
Prentice Hall of India
_a
NEW DELHI
_c
1993
300
_a
924
546
_a
ENGLISH
999
_c
34409
_d
34409